| 000 | 01288nam a22003491a 4500 | ||
|---|---|---|---|
| 999 |
_c28896 _d28867 |
||
| 001 | 014484400 | ||
| 003 | EG-ScBUE | ||
| 005 | 20201011093856.0 | ||
| 007 | ta | ||
| 008 | 120706s2008 nyua f bf 001 0 eng d | ||
| 020 | _a9780194723008 (pbk.) | ||
| 040 |
_aIiNdDKA _beng _erda _cIiNdDKA _dEG-ScBUE |
||
| 082 | 0 | 4 |
_a808.0428 _bBLA _222 |
| 100 | 1 |
_aBlass, Laurie, _d1952- _eauthor. |
|
| 245 | 1 | 0 |
_aCreating meaning : _badvanced reading and writing / _cLaurie Blass, Hannah Friesen, Kathy Block. |
| 264 | 1 |
_aNew York, NY ; _aOxford, UK : _bOxford University Press, _c2008. |
|
| 300 |
_ax, 206 pages : _billustrations ; _c26 cm |
||
| 336 |
_atext _2rdacontent _btxt |
||
| 337 |
_aunmediated _2rdamedia _bn |
||
| 338 |
_avolume _2rdacarrier _bnc |
||
| 500 | _aIncludes appendix. | ||
| 504 | _aIncludes bibliographical references and index. | ||
| 650 | 7 |
_aEnglish language _xRhetoric _vHandbooks, manuals, etc. _2BUEsh |
|
| 650 | 7 |
_aEnglish language _vTextbooks for foreign speakers. _2BUEsh |
|
| 650 | 7 |
_aAcademic writing _vHandbooks, manuals, etc. _2BUEsh |
|
| 650 | 7 |
_aReading (Higher education) _vHandbooks, manuals, etc. _2BUEsh |
|
| 653 |
_bHHUUEENN _cOctober2020 |
||
| 655 | _vReading book | ||
| 700 | 1 |
_aFriesen, Hannah, _eauthor. |
|
| 700 | 1 |
_aBlock, Kathy, _eauthor. |
|
| 942 |
_2ddc _cBB |
||